000 00612cam a2200217 4500500
005 20260329003841.0
041 _afre
042 _adc
100 1 0 _aLacroix, Alexandre
_eauthor
245 0 0 _aSplendeur sans contour
260 _c2017.
500 _a25
690 _aExposition
690 _aKandinsky
690 _aMonet
690 _amusée d’Orsay
690 _aPeinture
690 _aVan Gogh
786 0 _nPhilosophie magazine | 108 | 4 | 2017-04-01 | p. 70-70 | 1951-1787
856 4 1 _uhttps://shs.cairn.info/magazine-philosophie-magazine-2017-4-page-70?lang=fr&redirect-ssocas=7080
999 _c1828372
_d1828372